| 000 | 00831nas a2200277 4500 | ||
|---|---|---|---|
| 001 | BR9201249 | ||
| 003 | BR-BrBNA | ||
| 005 | 20231205092356.0 | ||
| 007 | ta | ||
| 008 | 230509b bl.|||p| |||| 00| 00por d | ||
| 040 |
_aBR-BrBNA _bpor _cBiblioteca Nacional de Agricultura |
||
| 041 | _a(Pt) | ||
| 072 | _aL53 | ||
| 100 | 1 | _aDode, M.A.N. | |
| 100 | 1 | _aYalle, E.R. | |
| 100 | 1 | _aRosa, G.O. | |
| 245 | 1 | _aEfeito da interrupcao temporaria do aleitamento sobre a fertilidade de vacas de corte | |
| 650 | _aGADO NELORE | ||
| 650 | _aALEITAMENTO | ||
| 650 | _aFERTILIDADE ANIMAL | ||
| 650 | _aNUTRICAO ANIMAL | ||
| 650 | _aPRATICO | ||
| 773 | 0 |
_tRevista Brasileira de Reproducao Animal (Brazil) _xISSN 0102-0803 _g(1989), v. 13(2) p. 109-119 _wBR9201249 |
|
| 909 |
_a202311 _bLúcia _c55 _dLúcia Elande |
||
| 942 |
_2AGRIS _n0 _cANA |
||
| 999 |
_c131274 _d131274 |
||